000 00921pam a2200253 a 4500
090 _c0
001 3887104
005 19910222072430.7
008 900618s1991 nyua b 001 0 eng
010 _a 90006540
020 _a0070535671
040 _aDLC
_cDLC
_dDLC
050 0 0 _aTJ262
_b.S75 1990
082 0 0 _a621.4025
_220
_bSTR
245 0 0 _aStirling and Vuilleumeir heat pumps :
_bdesign and applications /
_cJaroslav Wurm ... [et al.].
260 _aNew York :
_bMcGraw-Hill,
_cc1991.
300 _axiii, 252 p. :
_bill. ;
_c24 cm.
504 _aIncludes bibliographical references and index.
650 0 _aHeat pumps.
700 1 _aWurm, Jaroslav.
942 _2ddc
_cBB
999 _c10616
_d10616